000 00929nam a2200241Ia 4500
003 OSt
005 20220923221542.0
006 a|||||r|||| 00| 0
007 ta
008 220922b |||||||| |||| 00| 0 hin d
024 _a198,095
037 _cTextual
040 _aARTS
_cARTS
_bhin
041 _2hin
_ahin
082 _aP1520bV2:591, 152M4
100 _aसिरोही, बलराज सिंह; अग्रवाल, सावित्री
_9165446
245 0 _aहिन्दी समस्या और समाध्।ान
246 _aHindī samasyā aur samādh।āna
260 _aदिल्ली
_b प्रभ्।ात प्रकाश्।न
_c1984
300 _a127पृ.
_ccm.
942 _hP1520bV2:591, 152M4
_cTEXL
_2CC
999 _c349964
_d349964